[Event "Corus"]
[Site "Wijk aan Zee"]
[Date "2006.01.28"]
[Round "12"]
[White "Van Wely, Loek"]
[Black "Adams, Michael"]
[Result "1/2-1/2"]
[WhiteElo "2647"]
[BlackElo "2707"]
[Annotator "Finkel,A"]
[PlyCount "119"]
[EventDate "2006.01.14"]
[EventType "tourn"]
[EventRounds "13"]
[EventCountry "NED"]
[EventCategory "19"]
[SourceTitle "CBM 111"]
[Source "ChessBase"]
[SourceDate "2006.04.04"]
[SourceVersion "1"]
[SourceVersionDate "2006.04.04"]
[SourceQuality "1"]

1. d4 Nf6 2. c4 e6 3. Nf3 b6 4. g3 Ba6 5. b3 Bb4+ 6. Bd2 Be7 7. Nc3 {Most top
players prefer 7.Bc3, but it's just a matter of fashion!} (7. Bc3) 7... O-O 8.
Rc1 d5 9. cxd5 Nxd5 10. Bg2 Nd7 11. Nxd5 exd5 12. O-O Re8 13. Bf4 c5 14. dxc5 (
14. Re1 Nf6 15. Bg5 Rc8 16. dxc5 Bxc5 17. Bh3 Ra8 18. Nd4 h6 19. Bf4 Ne4 $11 {
Timman,J-Ribli,Z/Amsterdam 1980}) 14... Bxc5 15. Qxd5 $5 {An interesting
attempt to fight for the opening advantage. In most of the games played White
refrained from taking a pawn on d5 in this position.} (15. Rc2 Nf6 16. Ne1 Ne4
17. Nd3 d4 18. Re1 Rc8 19. Bh3 Nc3 20. Qd2 Rc6 21. Ne5 Rf6 $17 {Ree,H-Timman,J/
Wijk aan Zee 1980}) (15. Nd4 Nf6 16. Rc2 Qd7 17. Qa1 Rac8 18. Rfc1 Bxd4 19.
Qxd4 Rxc2 20. Rxc2 Rxe2 21. Rxe2 Bxe2 22. h3 $44 {Shipov,S-Kengis,E/Gistrup
1997}) 15... Nf6 16. Qxd8 Raxd8 17. Ne5 Nd5 $6 {I think after the following
game Black will have to reconsider this pawn sacrifice. In my opinion Black
should be able to neutralize White's pressure after the natural} (17... Bxe2
18. Rfe1 Ba6 $14 {[%cal Gf6d5] quite easily} 19. Nc6 $140 (19. Bf3 Nd5) 19...
Ng4 $1 $15 {[%csl Rf2]}) 18. Bf3 Nxf4 19. gxf4 Rd2 $146 {This is the first new
move. In the only game which was played in this position Black opted for 19...
f6 and after 20.Nc4 Bxc4 Black is perfectly safe. However 20.Nc6 would've
posed Black some problems..} (19... f6 20. Nc4 $6 (20. Nc6) 20... Bxc4 21. bxc4
Rd2 22. a4 Red8 23. e3 {1/2-1/2 Eriksson,A-Renman,N/Gavle 1982}) 20. Rfd1 Red8
21. Rxd2 $1 {Most ambitious and best. White isn't interested to play the minor
pieces endgame after} (21. e3 $5 Rxd1+ 22. Rxd1 Rxd1+ 23. Bxd1 Bb5 24. Bf3 f6
25. Bd5+ Kf8 26. Nf3 $14) 21... Rxd2 22. b4 Bxb4 23. Rc7 $16 {[%csl Ra7,Rf7]}
g6 ({May be more accurate was} 23... f6 $5 24. Rxa7 Bb5 25. Ra8+ Bf8 26. a4 $14
) 24. e3 f5 {It's too dangerous to take on a2.} (24... Rxa2 25. Nxf7 Ra1+ 26.
Kg2 Bf1+ 27. Kg3 a5 28. Ng5 $16 {[%csl Rg8,Rh7][%cal Gf3d5]}) 25. Rxa7 $5 ({
Nothing changed} 25. a3 $5 Bc5 (25... Ba5 $2 26. Nd7 $1 Rd6 27. Bd5+ Kh8 28.
Bb3 $18 {[%csl Rh8][%cal Gd7f8,Gd7b8,Gd7e5]}) 26. Rxa7 Be2 27. Bxe2 Rxe2 28.
Nd7 Be7 $16) 25... Be2 26. Bxe2 (26. Bc6 $5 {[%csl Rg8][%cal Gc6a4,Ga4b3]})
26... Rxe2 27. Nd7 Be7 28. Nxb6 Bh4 29. a4 Rb2 30. Nd5 Rd2 31. Rd7 Bxf2+ 32.
Kf1 Bxe3 33. Nf6+ $2 {Up to this moment everything was pretty forced and
logical, but White's last move is a serious mistake after which Black manages
to survive. After the correct} (33. a5 $1 {[%cal Gd7d8,Ga5a8]} Kf8 (33... Bxf4
34. a6 {[%cal Gd5f6]} Ra2 35. a7 $18) 34. Ke1 $1 {[%csl Rd2,Re3]} Bxf4 35. a6
Ra2 36. a7 $18 {Black is helpless.}) 33... Kf8 34. Nxh7+ Ke8 35. Nf6+ Kf8 36.
Nh7+ Ke8 37. Nf6+ Kf8 38. Rxd2 Bxd2 39. Nd5 Kf7 40. Ke2 Ba5 41. Kd3 Ke6 42. Kc4
Bd2 43. Kc5 Kd7 44. Kb5 Kd6 45. Nb6 Kc7 46. a5 Kb8 47. Nd5 Ka7 48. h3 g5 49.
fxg5 Bxg5 50. Nb4 f4 51. Nc6+ Kb7 52. Nd4 (52. a6+ Ka8 53. Ne5 Bf6 54. Nf3 Ka7
55. h4 Bb2 56. h5 Bg7 $11) 52... Bf6 53. Nf3 Ka7 54. h4 Bg7 55. h5 Kb7 56. a6+
Ka7 57. Ka5 Bc3+ 58. Kb5 Bg7 59. Nd2 Bh6 60. Nf3 1/2-1/2

[Event "Bucharest m"]
[Site "Bucharest"]
[Date "2005.03.24"]
[Round "4"]
[White "Karpov, Anatoly"]
[Black "Istratescu, Andrei"]
[Result "1-0"]
[WhiteElo "2674"]
[BlackElo "2617"]
[Annotator "Finkel,A"]
[PlyCount "127"]
[EventDate "2005.03.20"]
[EventType "match"]
[EventRounds "4"]
[EventCountry "ROU"]
[SourceTitle "CBM 106"]
[Source "ChessBase"]
[SourceDate "2005.06.06"]
[SourceVersion "1"]
[SourceVersionDate "2005.06.06"]
[SourceQuality "1"]

{[%mdl 2]} 1. d4 Nf6 2. c4 e6 3. Nf3 b6 4. g3 Ba6 5. b3 (5. Nbd2 Bb4 6. Qc2 Bb7
7. Bg2 Be4 8. Qb3 Bxd2+ 9. Bxd2 O-O 10. O-O d6 11. Rfd1 Nbd7 12. Rac1 h6 13.
Bh3 Re8 14. Be3 a5 15. Nd2 $14 {Nikolic,P-Adams,M/Wijk aan Zee NED 2000}) 5...
Bb7 6. Bg2 Bb4+ 7. Bd2 a5 8. O-O O-O 9. Nc3 (9. Qc2 Be4 10. Qb2 c6 11. Bf4 Be7
12. Nc3 d5 13. Nxe4 Nxe4 14. Ne5 {[%csl Gf4,Gg2] Adianto,U-Barus,C/Vung Tau
VIE 2000}) 9... d6 (9... d5 10. cxd5 exd5 11. a3 Be7 12. Qc2 c5 13. Rfd1 Nbd7
14. Bf4 Rc8 15. dxc5 bxc5 16. Ne5 $14 {Polovodin,I-Pavlov,A/St Petersburg RUS
2000}) 10. Qc2 Nbd7 11. Rfd1 $14 (11. Rfe1 Bxc3 12. Bxc3 Be4 13. Qb2 c6 14.
Red1 b5 15. Be1 Qb8 16. Rac1 bxc4 17. Rxc4 Qb5 18. a4 Qh5 $132 {Stefansson,
H-Handke,F/Reykjavik 2004}) 11... Bxc3 (11... Re8 12. Nb5 Bxd2 13. Nxd2 Bxg2
14. Kxg2 e5 15. Nf1 Nf8 16. e4 $6 exd4 17. Rxd4 Ne6 {Georgiev,K-Nisipeanu,L/
New Delhi/Teheran 2000}) (11... h6 12. d5 e5 13. Nh4 Nc5 14. a3 Bxc3 15. Bxc3
a4 16. b4 Nb3 17. Rab1 Bc8 18. c5 $1 $16 {Nyback,T-Sharavdorj,D/Mallorca 2004})
12. Bxc3 Be4 13. Qc1 {Karpov is the first one to deviate from the previous
game, which braught him a very impressive win.} (13. Qb2 c6 (13... a4 14. Rac1
b5 15. Qd2 Qb8 16. Bb4 axb3 17. axb3 bxc4 18. bxc4 Ra4 $15 {Lukacs,
P-Kristjansson,S/Budapest 2002/}) 14. Bf1 b5 (14... Qe7 15. Nh4 d5 16. f3 Bg6
17. Rac1 Rfc8 18. Nxg6 hxg6 19. Bg2 Ne8 20. e4 $16 {Barus,C-Abarca Aguirre,M/
Moscow 1994}) 15. Nh4 d5 16. f3 Bg6 17. Be1 Qb6 18. cxd5 cxd5 19. Rac1 Rfc8 20.
e3 Ne8 21. g4 $14 {Karpov,A-Istratescu,A/Bucharest 2005}) (13. Qd2 a4 14. Ng5
Bxg2 15. Kxg2 Qb8 16. f3 b5 17. e4 e5 18. d5 axb3 19. axb3 bxc4 20. bxc4 Qb3
$11 {Fortes Gil,J-Vera Pons,F/Castelldefels 2004}) 13... a4 (13... h6 14. Bh3
c6 15. Nd2 Bh7 16. Bg2 d5 17. a4 Qe7 18. Qb2 c5 19. cxd5 exd5 20. Nf1 $14 {
Damljanovic,B-Pikula,D/Sozina 2004}) 14. Bh3 {Not wasting a time to keep an
a-file closed Karpov prepares a typical plan of pushing e4. It has already
become a common knowladge that white has no chances to get an opening
advantage if the lightsquared bishops are traded, so white has got to play
this awkward, but a usefull move!} (14. Bf1 axb3 15. axb3 Rxa1 16. Qxa1 Qe7 17.
Nd2 Ra8 18. Qb2 Bb7 19. Qc2 e5 20. d5 b5 21. e4 bxc4 22. Nxc4 $14 {Nikolic,
P-Kristjansson,S/Selfoss 2002}) 14... Qe7 15. Nd2 Bb7 16. Qc2 axb3 17. axb3 c5
(17... e5 18. d5 c6 19. dxc6 (19. e4 b5 $5 20. dxc6 Bxc6 21. f3) 19... Bxc6 {
[%cal Gd6d5]} 20. e4 b5 21. f3 $1 {[%cal Gd2c4]} Rxa1 22. Bxa1 b4 (22... bxc4
$2 23. Nxc4 d5 24. Bxd7 $16) 23. Nf1 Nc5 24. Ne3 $14) 18. Qb2 h6 19. b4 cxd4
20. Bxd4 Rfc8 21. Rxa8 Rxa8 22. Nf1 d5 $6 {After this move black is doomed to
passivity.} (22... e5 23. Bc3 Ne4 24. Ne3 Ndf6 25. Be1 Ng5 26. Bf1 Qe6 27. h4
Ngh7 $132) (22... b5 $5 23. cxb5 e5 24. Bc3 Nb6 25. Ne3 Ne4 26. Be1 d5 $132)
23. cxd5 Bxd5 24. Ne3 Bb7 25. b5 {[%csl Gc6]} Qa3 $2 {Blundering a pawn on b6.}
(25... Rc8 $5 {[%csl Gc4]}) 26. Qxa3 Rxa3 27. Bxf6 $1 Nxf6 28. Rd6 $16 {
[%csl Rb6]} Nd5 $6 (28... Ra1+ 29. Bf1 Ne4 30. Rxb6 Nc5 31. f3 Kf8 32. Kf2 Ke7
33. Nc4 Bd5 34. Ne5 $16) 29. Nxd5 Bxd5 30. Rxb6 Ra1+ 31. Bf1 Rb1 (31... g5) 32.
Rb8+ Kh7 33. b6 g5 34. f3 f5 35. Kf2 Rb4 36. e4 $1 $18 {Transposing into a
different kind of an endgame!} fxe4 37. fxe4 Bxe4 (37... Rxe4 38. Bd3 $18) 38.
Ba6 Ra4 39. b7 Rxa6 40. Rh8+ Kxh8 41. b8=Q+ Kh7 42. Qc7+ Kg6 43. Qc4 $1 Bb7 44.
Qb3 Be4 (44... Bc8 45. Qc2+ $18) 45. Ke3 Bf5 46. g4 Ra5 47. gxf5+ Rxf5 48.
Qxe6+ Rf6 49. Qe8+ Kg7 50. h4 gxh4 51. Qe7+ Kg6 52. Ke4 h3 53. Qe8+ Kg7 54.
Qd7+ Kh8 55. Qxh3 Rg6 56. Kf5 Kh7 57. Qd3 Rg5+ 58. Kf6+ Kh8 59. Qe4 Kg8 (59...
Rg7) 60. Qe6+ Kh7 61. Kf7 Rg8 62. Qf5+ Kh8 63. Qe5+ Kh7 64. Qe6 (64. Qe6 Rg7+
65. Kf8 Rg5 66. Qf6 Rg8+ 67. Kf7 Rg5) 1-0

[Event "Bundesliga 0203"]
[Site "Germany"]
[Date "2002.11.16"]
[Round "3.3"]
[White "Dautov, Rustem"]
[Black "Schandorff, Lars"]
[Result "0-1"]
[WhiteElo "2617"]
[BlackElo "2546"]
[Annotator "Finkel,A"]
[PlyCount "80"]
[EventDate "2002.10.19"]
[EventType "team-tourn"]
[EventRounds "15"]
[EventCountry "GER"]
[SourceTitle "CBM 093"]
[Source "ChessBase"]
[SourceDate "2003.04.01"]
[SourceVersion "1"]
[SourceVersionDate "2003.04.01"]
[SourceQuality "1"]
[WhiteTeam "Baden Oos"]
[BlackTeam "Werder Bremen"]
[WhiteTeamCountry "GER"]
[BlackTeamCountry "GER"]

1. d4 Nf6 2. c4 e6 3. Nf3 b6 4. g3 Ba6 5. Qa4 Bb7 6. Bg2 c5 7. dxc5 bxc5 (7...
Bxc5 8. O-O O-O 9. Nc3 Be7 10. Rd1 Na6 11. Be3 $5 {Karpov - Ehlvest,
SkellefteÅ 1989.}) 8. Nc3 Be7 9. O-O O-O 10. Bf4 (10. Rd1 d6 (10... Qb6 11. Bf4
(11. Qc2 Nc6 12. Bf4 Rac8 13. Na4 Qa5 14. b3 Rfd8 15. a3 d6 16. Bd2 Qc7 17. Bc3
Rd7 18. Rac1 Nd8 $13 {Karpov,A-Timman,J/Paris 1991}) 11... Rd8 (11... a6 12.
Rd2 d6 13. Rad1 Rd8 14. Ng5 Bxg2 15. Kxg2 h6 16. Nge4 Ne8 17. g4 Ra7 18. a3 $14
{Kantsler,B-Podlesnik,B/Ljubljana 1992}) (11... Na6 12. Rd2 Rfd8 13. Ne5 $1
Bxg2 14. Kxg2 Rac8 15. Rad1 d6 16. Nf3 h6 17. Qb5 $1 $14 {Skembris,
S-Stefansson,H/Gausdal 1993}) (11... Qxb2 $2 12. Rab1 Qxc3 13. Rxb7 Nc6 $2 14.
Bd2 {traps the black queen.}) 12. Rd2 h6 13. Qb3 d6 14. Rad1 Ne8 15. e4 Qxb3
16. axb3 f6 17. e5 $1 $14 {Seirawan,Y-Vaganian,R/Rotterdam 1989}) (10... a6 11.
Bf4 Ra7 12. Rd2 Nc6 13. Ne5 Nxe5 14. Bxe5 Bxg2 15. Kxg2 Ng4 16. Bd6 Bxd6 17.
Rxd6 Qb8 $13 {Kallai,G-Sokolov,A/FRA 1992}) 11. Bf4 Qb6 12. Rd2 Rd8 (12... Nc6
13. Qd1 (13. Qb5 $5 Qc7 $1 14. Rad1 a6 15. Qa4 Nd4 16. Ne1 Bxg2 17. Nxg2 Rfb8
$11 {Salov,V-Chandler,M/Manila 1990}) 13... Nd4 14. e3 Nxf3+ 15. Bxf3 Rfd8 16.
Bxb7 Qxb7 17. Bxd6 Rxd6 18. Rxd6 Bxd6 19. Qxd6 h5 20. b3 $16 {Dlugy,M-Browne,W/
USA 1986}) (12... h6 13. Qb3 (13. h3 Nh5 14. Be3 a6 15. a3 Qc7 16. g4 Nf6 17.
Bf4 Nbd7 18. Qc2 Rab8 $13 {Lputian,S-Csom,I/Rimavska Sobota 1991}) 13... Nbd7
14. Rad1 e5 15. Be3 Rab8 16. Qxb6 Nxb6 17. b3 Ne4 18. Nxe4 Bxe4 19. Ne1 Bxg2
20. Kxg2 Nc8 $11 {Horvath,C-Fauland,A/Austria 1991}) 13. Rad1 Na6 (13... h6 14.
h3 e5 15. Be3 Nc6 16. Ne1 Nd4 17. Bxb7 Qxb7 18. Ng2 Nd7 19. b3 Nb6 20. Qa5 Rdc8
$13 {Fominyh,A-Fish,G/Alushta 1993}) 14. Qb5 Ne8 15. Ng5 Bxg2 16. Kxg2 Nac7 17.
Qa4 h6 18. Nf3 $14 {Antoshin,V-Szabo,L/Moscow 1963}) 10... d6 11. Rad1 Qb6 12.
Rd2 h6 {Preparing an advance of the e-pawn, which wasn't good right away due
to Bg5.} 13. Rfd1 e5 14. Be3 Nc6 15. Ne1 {This move is novelty, but it doesn't
change evaluation of the position. It's quite clear that black has good
counterchances no matter what move white plays.} (15. Rb1 a5 16. Qb5 Qc7 17.
Qb3 Rfd8 18. Nh4 Rab8 19. Nf5 Nd4 $13 {Nikolic,P-Bareev,E/Bled 1991}) 15...
Rfd8 16. Nd5 (16. g4 $5 {[%csl Gd5][%cal Gg4g5]} Nd4 (16... Nxg4 $2 17. Nd5 Qa6
18. Qxa6 Bxa6 19. Nxe7+ Nxe7 20. Rxd6) 17. g5 hxg5 18. Bxg5 Bxg2 19. Nxg2 Qb7
$132 20. Bxf6 $140 Bxf6 21. Nd5 Bg5 $15 {[%csl Re2]}) 16... Nxd5 17. Bxd5 Rab8
18. Nd3 $6 {Knight has nothing to do on d3 so this move is just a waste of
time.} (18. f3 Nd4 19. Bxb7 Qxb7 20. Ng2 f5 21. Bf2 Bf6 $13) 18... a5 19. b3
Qc7 20. f3 Nd4 $15 {After this move it becomes clear that white lost a
strategical battle since he has no active plan while black may just advance
his a-pawn disturbing white on the queenside.} 21. Bxb7 Rxb7 22. Bf2 (22. Kg2
f5 23. Bg1 Bg5 24. e3 Nxf3 25. Kxf3 e4+ 26. Kg2 exd3 27. Rxd3 Rb4 $15 {[%cal
Ga5a4,Gc7c6]}) 22... Bg5 $1 23. Rb2 f5 24. Ne1 e4 25. f4 $6 (25. Kg2 Rb4 26.
Qa3 Rdb8) 25... Bf6 26. Rbd2 Nc6 {Black is finally ready for Rb4 followed by
a4.} 27. Rc1 $6 {[%csl Ra4]} (27. Qa3) 27... Rb4 28. Qa3 a4 29. Nc2 Ra8 $1 30.
Rcd1 Rbb8 $1 31. Qc1 (31. bxa4 Bb2 32. Qe3 Na5 33. Rxd6 Nxc4 34. Qxc5 Qxc5 35.
Bxc5 Nxd6 36. Bxd6 Rd8 $17) 31... axb3 32. axb3 Na5 $1 33. Rxd6 Nxb3 34. Qe3
Bd4 $1 $19 {Winning an exchange.} 35. R6xd4 cxd4 36. Nxd4 Nxd4 37. Rxd4 (37.
Qxd4 Rd8 {[%csl Rd1]}) 37... Rb2 {[%csl Re2]} 38. Qc3 Raa2 39. Rd5 Rxe2 40. Bd4
Rg2+ 0-1

[Event "Bucharest m"]
[Site "Bucharest"]
[Date "2005.03.21"]
[Round "2"]
[White "Karpov, Anatoly"]
[Black "Istratescu, Andrei"]
[Result "1-0"]
[WhiteElo "2674"]
[BlackElo "2617"]
[Annotator "Finkel,A"]
[PlyCount "97"]
[EventDate "2005.03.20"]
[EventType "match"]
[EventRounds "4"]
[EventCountry "ROU"]
[SourceTitle "CBM 106"]
[Source "ChessBase"]
[SourceDate "2005.06.06"]
[SourceVersion "1"]
[SourceVersionDate "2005.06.06"]
[SourceQuality "1"]

1. d4 Nf6 2. c4 e6 3. Nf3 b6 4. g3 Ba6 5. b3 Bb7 6. Bg2 Bb4+ 7. Bd2 a5 8. O-O
O-O 9. Nc3 d6 10. Qc2 Nbd7 11. Rfd1 $14 {In my opinion this move promises
white a steady opening edge.} (11. Rfe1 Bxc3 12. Bxc3 Be4 13. Qb2 c6 14. Red1
b5 15. Be1 Qb8 16. Rac1 bxc4 17. Rxc4 Qb5 18. a4 Qh5 $132 {Stefansson,H-Handke,
F/Reykjavik 2004}) 11... Bxc3 12. Bxc3 Be4 13. Qb2 c6 14. Bf1 {[%cal Gf2f3,
Ge2e4,Gf3h4] White is playing an accordance with a plan to push e4.} (14. Bh3
Qb8 15. Ne1 d5 16. Bd2 b5 17. Bf4 Qb7 18. cxd5 cxd5 19. Rac1 Rfc8 20. Rxc8+
Rxc8 21. Rc1 h6 $11 {Bilobrk,F-Loncar,R/Rabac 2004}) 14... b5 (14... Qe7 15.
Nh4 d5 16. f3 Bg6 17. Rac1 Rfc8 18. Nxg6 hxg6 19. Bg2 Ne8 20. e4 $16 {Barus,
C-Abarca Aguirre,M/Moscow 1994}) (14... Bxf3 15. exf3 d5 16. Bd3 a4 17. Rac1
Qe7 18. Bb1 $14 {[%cal Gf3f4,Gb2e2]}) 15. Nh4 d5 (15... b4 16. Bd2 c5 17. Bf4
Qb6 18. dxc5 dxc5 19. Rd6 Qb7 20. Rad1 $14) 16. f3 Bg6 17. Be1 $5 {[%cal Gg3g4,
Ge1g3]} Qb6 (17... bxc4 18. bxc4 Nb6 19. c5 Nbd7 20. Nxg6 hxg6 21. Qb7 $16) 18.
cxd5 cxd5 19. Rac1 Rfc8 20. e3 {White is preparing for the transformation into
an endgame with 2 bishops versus a pair of knights.} Ne8 (20... e5 21. Nxg6 (
21. dxe5 $6 Rxc1 22. Rxc1 Qxe3+ 23. Bf2 Qxe5 24. Bd4 Qb8 $13) 21... hxg6 22. g4
Rxc1 23. Rxc1 Re8 24. Bg3 $14) 21. g4 Nd6 22. Bg3 b4 {[%cal Gd6b5,Gb5c3]} 23.
Rxc8+ $1 Rxc8 24. Rc1 Rc6 25. Nxg6 hxg6 26. Rxc6 Qxc6 27. Qe2 $5 {[%cal Ge2a6]
Intending to trade the queens.} Kf8 28. Qa6 Qxa6 29. Bxa6 Ke7 30. h4 Nf6 $6 {
The endgame is highly unpleasent for black, but it seems that he should hold
it.} (30... Nb8 31. Bd3 Nc6 $14) 31. Bd3 Kd7 32. Kf2 Kc6 33. Ke2 Nfe8 (33...
Kd7) 34. Kd2 Nb5 35. Be5 Nbd6 (35... Nc3 36. a3 $5 Na2 37. a4 Nc3 38. h5 gxh5
39. gxh5 f6 40. Bg3 Nd6 41. Kc2 $16 {[%cal Gg3e1]}) 36. Bf1 Kb6 37. Kc2 Nb5 38.
Bg2 Kc6 39. Kd3 Nbd6 40. e4 Kd7 (40... Nb5) 41. Bh3 Ke7 42. Bf1 Kd7 43. Ke3 Ke7
44. Bd3 {White pieces are perfectly placed for the decisive break.} Kd7 45. Bf4
Kc6 46. e5 Nc8 (46... Nb5 47. h5 gxh5 48. Bxb5+ Kxb5 49. gxh5 Kc6 50. Bg5 Kd7
51. Bf6 $1 $18 {[%cal Gh5h8]}) 47. Bg5 Nb6 48. Be7 $18 {[%cal Gh4h5,Ge7f8,
Gf8g7]} Nd7 49. h5 (49. h5 gxh5 50. gxh5 Nc7 51. Bh7 $18 {[%cal Gh7g8]}) 1-0

[Event "Santiago Entel Cup 2nd"]
[Site "Santiago de Chile"]
[Date "2005.03.22"]
[Round "13"]
[White "Granda Zuniga, Julio E"]
[Black "Hellsten, Johan"]
[Result "0-1"]
[WhiteElo "2599"]
[BlackElo "2554"]
[Annotator "Finkel,A"]
[PlyCount "100"]
[EventDate "2005.03.15"]
[EventType "tourn"]
[EventRounds "13"]
[EventCountry "CHI"]
[EventCategory "9"]
[SourceTitle "CBM 106"]
[Source "ChessBase"]
[SourceDate "2005.06.06"]
[SourceVersion "1"]
[SourceVersionDate "2005.06.06"]
[SourceQuality "1"]

{[%mdl 2]} 1. d4 {Ftacnik} Nf6 2. c4 e6 3. Nf3 b6 4. g3 Ba6 5. b3 Bb7 6. Bg2
Bb4+ 7. Bd2 a5 (7... c5 $5 8. Bxb4 cxb4 9. O-O O-O 10. Nbd2 d6 11. Qc2 Nc6 12.
e4 e5 13. d5 Nb8 14. a3 bxa3 15. b4 a5 16. c5 $36 {Shariyazdanov,A-Baklan,V/
Neum BIH 2000}) 8. O-O O-O 9. Qc2 (9. Bf4 a4 10. a3 axb3 11. Qxb3 Be7 12. Nc3
Nc6 13. d5 Na5 $15 {[%csl Rc4][%cal Gb7a6] Bilek,I-Almasi,Z/HUN 1995}) (9. a3
Be7 10. Nc3 d5 11. cxd5 exd5 12. Ne5 Nbd7 13. Nd3 Re8 14. Nf4 Nf8 15. Qc2 c6
16. Rfd1 Rc8 $11 {Bykhovsky,A-Lutz,C/Tel Aviv 1999}) (9. Bc3 d5 10. a3 Be7 11.
Nbd2 c5 12. Ne5 Nc6 13. Nxc6 Bxc6 14. cxd5 Nxd5 15. Bb2 cxd4 16. Bxd4 Rc8 $11 {
Skembris,S-Romanishin,O/Cutro 1999}) (9. Nc3 d5 10. cxd5 Bxc3 11. Bxc3 Bxd5 12.
Ne1 Na6 13. f3 c5 14. dxc5 Nxc5 15. Nd3 Bb7 16. Nxc5 bxc5 17. Qxd8 {1/2-1/2
Chernin,A-Karpov,A/Tilburg 1992/CBM 32 (17)}) 9... d6 10. Nc3 Nbd7 11. Rfe1 $5
{White's idea in this variation is to push e4, so the rook is very well placed
on e1 to support an advance of the pawn.} (11. Rfd1 {Ftacnik} Bxc3 12. Bxc3 Be4
13. Qb2 c6 14. Bf1 b5 15. Nh4 d5 16. f3 Bg6 17. Be1 Qb6 18. cxd5 cxd5 19. Rac1
Rfc8 20. e3 Ne8 21. g4 $14 {Karpov,A-Istratescu,A/Bucharest ROM 2005}) 11...
Bxc3 12. Bxc3 Be4 13. Qd1 {It's hard to say what is the best square for the
queen to retreat, since each one of the moves has it's drawbacks.} (13. Qc1 $5
$146 h6 14. Bh3 Bh7 $6 15. Nd2 Ne4 $6 16. Nxe4 Bxe4 17. f3 Bh7 18. e4 $14 {
Dautov,R-Romanishin,O/Essen 2001}) (13. Qb2 a4 (13... c6 14. Bf1 b5 $132 15.
Nd2 b4 $11) 14. Bf1 c5 15. Nd2 Bb7 16. b4 a3 17. Qb3 cxd4 18. Bxd4 e5 19. Be3
Qc7 20. Rac1 Qc6 21. f3 Qa4 22. Qb1 d5 $13 {Topalov,V-Adams,M/Frankfurt 2000})
13... a4 14. b4 {Ftacnik: 'Ambitious move, but it weakens the control of white
squares.'} (14. Bf1 c5 15. Nd2 Bb7 16. e4 cxd4 17. Bxd4 axb3 18. axb3 Qc7 19.
f3 e5 20. Bf2 Rxa1 21. Qxa1 Nc5 $11 {Antic,D-Zontakh,A/Herceg Novi 2001} 22.
Qb2 $14 {(Ftacnik) Antic,D-Zontakh,A/Herceg Novi 2001}) 14... b5 $6 {'!?'
Ftacnik. This pawn sacrifice is unjustified under the circumstances. Black
should have played 14...d5 instead with good chances to reach an equality.
Ftacnik: 'An interesting and logical move. Black sacrifices a pawn in order to
take control over the light squares in the center and on the queen side.'} (
14... d5 15. cxd5 (15. c5 b5 16. Bf1 Re8 17. Nd2 Bg6 18. f3) 15... Nxd5 16. Rc1
Qe7 17. a3 Rfd8 $13 {[%cal Gc7c5]}) 15. cxb5 Qb8 16. Bf1 Nd5 (16... Qxb5 17.
Nd2 Nb6 18. a3 Qh5 19. f3 Bb7 20. e4 $16) 17. Bd2 Bxf3 $8 {Otherwise white
would've retreated with the knight and pushed e4.} (17... Qxb5 18. Ng5 $16 {
[%cal Gf2f3,Ge2e4]}) 18. exf3 Qa7 19. Be3 $1 $16 a3 $5 (19... Nxb4 20. d5 Qb7
21. dxe6 fxe6 22. Bd2 Nd5 23. Rxe6 $16) 20. Qd2 Qb7 21. Rab1 N7b6 22. Rb3 Rfc8
23. Rc1 (23. Qc1 $6 c6 24. bxc6 (24. Rxa3 cxb5 25. Rxa8 Qxa8 26. Qb2 Nc4 $44)
24... Rxc6 25. Qb1 Nc4 26. b5 Rc7 $14) (23. Qd3 $5 $16 {[%csl Ra3][%cal Ge3d2,
Ge1b1]}) 23... c6 {'!?' Ftacnik.} 24. bxc6 Rxc6 25. Rxc6 Qxc6 26. b5 Qb7 27.
Qc1 (27. Bd3 Nxe3 28. Qxe3 g6 29. Qc1 Qa7 30. Qc3 d5 $16) 27... Qa7 28. Qc6 {
'?!' Ftacnik.} (28. Bd2 $5) (28. Bd3 $1 $16 {Ftacnik}) 28... Qe7 29. Bf4 $6 {
Underestimating black's reply.} Rd8 $1 30. Rxa3 $2 (30. Qc1 Rc8 31. Qd2 (31.
Qxa3 Nxf4 32. gxf4 Ra8 33. Qb2 Qf6 $132) 31... Nxf4 32. Qxf4 d5 $14) 30... g5
$1 {Forcing white to sacrifice an exchange to save the queen.} (30... e5 31.
Ra6 exf4 32. Rxb6 Nxb6 33. Qxb6 fxg3 34. hxg3 Ra8 35. Bc4 h5 $14) 31. Ra6 {
Ftacnik: 'White pays the price for his reckless play, the initiative goes to
black with a spare exchange.'} (31. Be3 {Ftacnik} Rc8 $1 32. Bxg5 $8 Qxg5 33.
Qxd6 Qc1 $17) 31... gxf4 32. Rxb6 Nxb6 33. Qxb6 Ra8 (33... fxg3 {Ftacnik} 34.
hxg3 Ra8 35. d5 $15) 34. Bc4 Rc8 (34... d5 {Ftacnik} 35. Bb3 Qb4 36. Qc6 $11)
35. Bb3 fxg3 (35... d5 $5 36. Kg2 fxg3 37. hxg3 h5 $36) 36. hxg3 Qf8 $5 {
[%csl Rg1][%cal Gc8c1,Gf8h6] '?!' Ftacnik. Ftacnik: 'Black has began to play
with high ambitions, it made more sense to close the center and limit white's
bishop.'} (36... d5 $15) 37. Kg2 {'?!' Ftacnik.} Rc1 {'?!' Ftacnik} (37... d5
$15 {Ftacnik}) 38. d5 Qh6 (38... e5 39. Qe3 Rc5 40. a4 $14) 39. Qd8+ Kg7 40.
Qh4 Qd2 $2 (40... Qxh4 41. gxh4 Kf6 42. a4 (42. b6 $2 Rc8 43. a4 Ra8 $1 $17 {
[%csl Rb6][%cal Ga8a6]}) (42. f4 $5 $11 {Ftacnik}) 42... Rc3 43. Bd1 Rd3 44.
Bc2 Rd2 (44... Rxd5 $2 45. b6 Rd4 46. a5 Rb4 47. Bd3 d5 48. a6 $18) 45. Bb3 Rb2
$17) 41. dxe6 Qe1 42. Qg5+ Kf8 43. Kh3 $6 (43. e7+ Ke8 44. Qg8+ Kxe7 45. Qxf7+
Kd8 46. Qf6+ Kc7 47. Qg7+ Kb8 (47... Kb6 48. Qd4+ Kxb5 49. Qd5+ $18) 48. Kh3
Qxf2 49. Qg8+ $16) 43... Rc5 $1 $11 44. Qh6+ Ke7 45. Qh4+ Kf8 46. Kg2 Rc1 47.
Kh3 Rc5 48. Qd8+ $4 (48. Qh6+ Ke7 49. Qh4+ $11) 48... Kg7 $19 49. Qxd6 (49. g4
Qxf2 50. Bd1 Qf1+ 51. Kg3 Qg1+ 52. Kh3 Qxd1 $19) 49... Qh1+ 50. Kg4 f5+ 0-1